| 000 -LEADER |
| fixed length control field |
01047nam a2200217Ia 4500 |
| 003 - CONTROL NUMBER IDENTIFIER |
| control field |
OSt |
| 005 - DATE AND TIME OF LATEST TRANSACTION |
| control field |
20241121090924.0 |
| 007 - PHYSICAL DESCRIPTION FIXED FIELD--GENERAL INFORMATION |
| fixed length control field |
ca aa aaaaa |
| 008 - FIXED-LENGTH DATA ELEMENTS--GENERAL INFORMATION |
| fixed length control field |
201103s9999 xx 000 0 und d |
| 040 ## - CATALOGING SOURCE |
| Transcribing agency |
SSBUL |
| 041 ## - LANGUAGE CODE |
| Language code of text/sound track or separate title |
bur |
| 082 ## - DEWEY DECIMAL CLASSIFICATION NUMBER |
| Classification number |
၂၉၄.၃၉ မောင် |
| Edition number |
23 |
| Item number |
၉၂၁၀ S-SAT |
| 100 ## - MAIN ENTRY--PERSONAL NAME |
| Personal name |
မောင်မောင်၊ ဦး၊ ဓမ္မဃောသက- |
| 245 #0 - TITLE STATEMENT |
| Title |
နိုင်ငံတော်အသိအမှတ်ပြုသံဃာ့ဂိုဏ်းကြီး(၉)ဂိုဏ်းအကြောင်း/ |
| Statement of responsibility, etc. |
ဓမ္မဃောသကဦးမောင်မောင် |
| 250 ## - EDITION STATEMENT |
| Edition statement |
ဒုတိယအကြိမ်။ |
| 260 ## - PUBLICATION, DISTRIBUTION, ETC. |
| Place of publication, distribution, etc. |
ရန်ကုန် ၊ |
| Name of publisher, distributor, etc. |
စိန်ပန်းမြိုင်စာပေတိုက်၊ |
| Date of publication, distribution, etc. |
၁၉၈၉။ |
| 300 ## - PHYSICAL DESCRIPTION |
| Extent |
၈၀ စာမျက်နှာ၊ |
| Dimensions |
၁၈ စင်တီ။ |
| 500 ## - GENERAL NOTE |
| General note |
S-SAT: Dr. Sai Aung Tun Collection |
| 650 ## - SUBJECT ADDED ENTRY--TOPICAL TERM |
| Topical term or geographic name entry element |
ဗုဒ္ဓဘာသာဂိုဏ်းများ |
| 9 (RLIN) |
55405 |
| 942 ## - ADDED ENTRY ELEMENTS (KOHA) |
| Source of classification or shelving scheme |
|
| Koha item type |
Book (Short term) |